[Event "Groningen PCA"]
[Site "Groningen"]
[Date "1993.??.??"]
[Round "7"]
[White "Polgar, Judit"]
[Black "Vaganian, Rafael A"]
[Result "0-1"]
[WhiteElo "2630"]
[BlackElo "2615"]

1.e4 e6 2.d4 d5 3.Nc3 Bb4 4.e5 c5 5.a3 Ba5 6.b4 cxd4 7.Qg4 Ne7 8.bxa5 dxc3
9.Qxg7 Rg8 10.Qxh7 Nbc6 11.Nf3 Qc7 12.Bf4 Bd7 13.Bg3 Qxa5 14.Bd3 O-O-O 15.O-O Qc5
16.Qh4 a6 17.Ng5 Be8 18.Qf4 Nd4 19.Rfe1 Nef5 20.a4 Rg7 21.Nf3 Nxf3+ 22.gxf3 Qd4
23.Qxd4 Nxd4 24.Re3 Nc6 25.Kf1 Bd7 26.Be2 d4 27.Re4 Kc7 28.Bd3 Kb6 29.Rb1+ Kc5
30.Rxb7 Bc8 31.Rb1 Nb4 32.Ke2 Bb7 33.Bh4 Rd7 34.Rf4 Bc6 35.Bf6 Rg2 36.h4 a5
37.h5 Rb7 38.Rh4 Nxd3 39.Rxb7 Rxf2+ 40.Kxd3 Rd2+  0-1

[Event "Madrid"]
[Site "Madrid"]
[Date "1993.??.??"]
[Round "2"]
[White "Rivas Pastor, Manuel"]
[Black "Polgar, Judit"]
[Result "1/2-1/2"]
[WhiteElo "2515"]
[BlackElo "2595"]

1.d4 Nf6 2.Nf3 g6 3.c4 Bg7 4.Nc3 O-O 5.e4 d6 6.Be3 e5 7.dxe5 dxe5 8.Qxd8 Rxd8
9.Nd5 Rd7 10.Nxf6+ Bxf6 11.c5 Nc6 12.Bb5 Rd8 13.Bxc6 bxc6 14.Nd2 Ba6 15.O-O-O Be2
16.Rde1 Bd3 17.f3 a5 18.Nb1 Bh4 19.g3 Be7 20.Nc3 f5 21.Rd1 fxe4 22.fxe4 Kf7
23.Rd2 Ke6 24.Rhd1 Ba6 25.Rxd8 Bxd8 26.Kc2 Be7 27.Nb1 Rf8 28.Nd2 g5 29.a4 g4
30.Nb3 Rf3 31.Re1 h5 32.Nxa5 h4 33.Nxc6 hxg3 34.hxg3 Rxg3 35.Nxe7 Kxe7 36.c6 Rf3
37.b4 Bf1 38.Bc5+ Ke6 39.Re3 Rxe3 40.Bxe3 g3 41.b5 Ke7 42.Bg5+ Ke8 43.Kc3 g2
44.Be3 Kd8 45.Bg1 Kc8 46.Bh2 Kb8 47.Kb4 Bd3 48.a5 Bxe4 49.Kc5 Bf3 50.b6 Be4
51.Bg1 Bf3 52.Bf2 Be4 53.Be3 Bf3 54.Bg1 Be4 55.Bf2 Bf3 56.Be3 Be4 57.Bf2 Bf3
58.Bg1 Be4 59.Kb5 Bd3+ 60.Kb4 Be4 61.Kc5 Bf3 62.Bh2  1/2-1/2

[Event "Amber-rapid 2nd"]
[Site "Monte Carlo"]
[Date "1993.??.??"]
[Round "8"]
[White "Ljubojevic, Ljubomir"]
[Black "Polgar, Judit"]
[Result "1-0"]
[WhiteElo "2605"]
[BlackElo "2595"]

1.e4 c5 2.Nf3 e6 3.d3 Nc6 4.g3 g6 5.Bg2 Bg7 6.O-O Nge7 7.Re1 O-O 8.c3 d5
9.e5 d4 10.c4 Qc7 11.Qe2 h6 12.h4 Rb8 13.Bf4 b5 14.b3 bxc4 15.dxc4 Nb4 16.Qd2 h5
17.Na3 Bd7 18.Ng5 Bc6 19.Bxc6 Nexc6 20.Nb5 Qe7 21.a3 Na6 22.Rab1 Nc7 23.Nxc7 Qxc7
24.b4 cxb4 25.axb4 Rfd8 26.b5 Ne7 27.Qd3 Nf5 28.Ne4 Kh8 29.Ra1 Bf8 30.Ra4 Bc5
31.Rea1 Bb6 32.Rc1 Bc5 33.Ra6 Be7 34.Rca1 Rb7 35.Rc6 Qd7 36.Nd6 Bxd6 37.exd6 f6
38.Rc7 Rxc7 39.dxc7 Re8 40.Rxa7 e5 41.Qe4 Ne7 42.b6 exf4 43.c8=Q Qxc8 44.Rxe7 Rxe7
45.Qxe7 fxg3 46.Qxf6+ Kh7 47.Qf7+ Kh8 48.Qf6+ Kh7 49.Qxd4 gxf2+ 50.Kxf2 Qf5+
51.Ke3 Qh3+ 52.Kd2 g5 53.Qe4+ Kg7 54.Qe7+ Kh8 55.Qf6+ Kh7 56.Qf7+ Kh6 57.Qf6+ Kh7
58.Qxg5 Qh2+ 59.Kc3 Qe2 60.Qf5+ Kg7 61.Qd7+ Kh6 62.Qd2+  1-0

[Event "Amber-rapid 2nd"]
[Site "Monte Carlo"]
[Date "1993.??.??"]
[Round "9"]
[White "Polgar, Judit"]
[Black "Piket, Jeroen"]
[Result "0-1"]
[WhiteElo "2595"]
[BlackElo "2245"]

1.e4 e5 2.Nf3 Nc6 3.Bb5 a6 4.Ba4 Nf6 5.O-O Nxe4 6.d4 Be7 7.Qe2 b5 8.Bb3 d5
9.dxe5 Na5 10.h3 O-O 11.Rd1 c6 12.c3 Nxb3 13.axb3 f6 14.exf6 Bxf6 15.Be3 Qe8
16.Nbd2 Qg6 17.Kh1 Bf5 18.Nd4 Bxd4 19.cxd4 Nxd2 20.Rxd2 Rae8 21.Rxa6 Be4
22.Qg4 Qd6 23.Ra7 Re7 24.Rxe7 Qxe7 25.Bf4 h5 26.Qg3 Bxg2+ 27.Kh2 Qe1 28.Kxg2 Qe4+
29.f3 Qxf4 30.Qxf4 Rxf4 31.Kf2 Rh4 32.Ke3 Rxh3 33.Kf4 Rh4+ 34.Ke5 Rh1 35.Kd6 Rc1
36.Ke6 Kh7 37.f4 Kh6 38.Rg2 Rf1 39.Kf5 Kh7 40.Re2 g6+ 41.Kg5 Rg1+ 42.Kf6 Rf1
43.Kg5 Kg7 44.Rg2 b4 45.Rg3 Rf2 46.Rg1 Kf7 47.Rg3 h4 48.Rh3 Rxb2 49.Kxh4 Kf6
50.Kg4 Rg2+ 51.Kf3 Rc2 52.Rh8 Rc3+ 53.Kg4 Rxb3 54.Rb8 Rb1 55.Rb6 b3 56.Rxc6+ Ke7
57.Rc7+ Kd6  0-1

[Event "Oviedo rapid"]
[Site "Oviedo"]
[Date "1993.??.??"]
[Round "10"]
[White "Markowski, Tomasz"]
[Black "Polgar, Judit"]
[Result "1-0"]
[WhiteElo "2465"]
[BlackElo "2630"]

1.e4 c5 2.Nf3 d6 3.g3 Nc6 4.Bg2 Nf6 5.d3 g6 6.O-O Bg7 7.Nc3 O-O 8.h3 Rb8
9.a4 b6 10.Be3 Bb7 11.Qd2 d5 12.Bf4 dxe4 13.dxe4 Qxd2 14.Nxd2 Rbd8 15.Rfd1 Nh5
16.Be3 Bd4 17.Nc4 Nb4 18.Rdc1 f5 19.exf5 Bxg2 20.Kxg2 gxf5 21.Bh6 Rf6 22.Bg5 Rf7
23.Nb5 Rg7 24.h4 Nd5 25.Nxa7 Rg6 26.c3 Bg7 27.Rd1 h6 28.Bxe7 Ra8 29.Bd6 Nxc3
30.bxc3 Rxa7 31.Be5 f4 32.Bxg7 Kxg7 33.Rd5 Nf6 34.Rd6 Re7 35.Kf3 fxg3 36.fxg3 Rg4  1-0

[Event "Buenos Aires Sicilian"]
[Site "Buenos Aires"]
[Date "1994.??.??"]
[Round "3"]
[White "Polgar, Judit"]
[Black "Salov, Valery"]
[Result "0-1"]
[WhiteElo "2630"]
[BlackElo "2710"]

1.e4 c5 2.Nf3 e6 3.d4 cxd4 4.Nxd4 Nf6 5.Nc3 d6 6.g4 h6 7.g5 hxg5 8.Bxg5 Nc6
9.Bg2 Bd7 10.Nb3 a6 11.Qe2 Qc7 12.O-O-O O-O-O 13.h4 Kb8 14.h5 Be7 15.f4 Ng8
16.Nd4 Bf6 17.Nf3 Nge7 18.Bxf6 gxf6 19.Qd2 Rh6 20.Qxd6 Qxd6 21.Rxd6 Kc7 22.e5 Rdh8
23.Rhd1 Bc8 24.Ne4 fxe5 25.Nxe5 Nxe5 26.fxe5 Nc6 27.Bf3 Nxe5 28.Be2 Rg8 29.b4 Bd7
30.Nc3 Rg2 31.R6d4 f5 32.Kb2 Rh7 33.Kb3 Rg3 34.Kb2 Rg2 35.Kb3 Rh2 36.a4 Rg7
37.b5 axb5 38.Nxb5+ Bxb5 39.Bxb5 Rxh5 40.Rd6 Rh1 41.R1d2 Rh2 42.R2d4 Rh4
43.Rd2 Re4 44.c4 Rg2 45.Rxg2 Kxd6 46.Rg7 b6 47.Kb4 Nd3+ 48.Kc3 Nc5  0-1

[Event "Buenos Aires Sicilian"]
[Site "Buenos Aires"]
[Date "1994.??.??"]
[Round "4"]
[White "Ljubojevic, Ljubomir"]
[Black "Polgar, Judit"]
[Result "1/2-1/2"]
[WhiteElo "2580"]
[BlackElo "2630"]

1.e4 c5 2.Nf3 e6 3.d4 cxd4 4.Nxd4 Nf6 5.Nc3 d6 6.g4 e5 7.Bb5+ Bd7 8.Bxd7+ Qxd7
9.Nf5 h5 10.Bg5 Nh7 11.Bd2 hxg4 12.Qxg4 g6 13.Ne3 Qxg4 14.Nxg4 Nc6 15.O-O-O O-O-O
16.h4 f5 17.Nh6 Bxh6 18.Bxh6 fxe4 19.Rhg1 Rhg8 20.Nxe4 Nd4 21.Kb1 d5 22.Nc3 Nf3
23.Rh1 Nf6 24.Bg5 Nxg5 25.hxg5 d4 26.gxf6 dxc3 27.bxc3  1/2-1/2

[Event "Buenos Aires Sicilian"]
[Site "Buenos Aires"]
[Date "1994.??.??"]
[Round "5"]
[White "Polgar, Judit"]
[Black "Ivanchuk, Vassily"]
[Result "1/2-1/2"]
[WhiteElo "2630"]
[BlackElo "2695"]

1.e4 c5 2.Nf3 Nc6 3.d4 cxd4 4.Nxd4 g6 5.c4 Nf6 6.Nc3 d6 7.Be2 Nxd4 8.Qxd4 Bg7
9.Bg5 O-O 10.Qd2 Be6 11.O-O a6 12.Bd3 Nd7 13.Nd5 Bxd5 14.exd5 Bf6 15.Be3 Nc5
16.Be2 a5 17.Rab1 Qb6 18.Rfc1 Qb4 19.Qd1 Ra6 20.Bd3 Nxd3 21.Qxd3 a4 22.b3 axb3
23.Rxb3 Qa5 24.Rxb7 Qxa2 25.g3 Rc8 26.Kg2 h5 27.h4 Ra3 28.Qc2 Qxc2 29.Rxc2 Rd3
30.Rc1 Kf8 31.Bh6+ Kg8 32.Be3  1/2-1/2

[Event "Buenos Aires Sicilian"]
[Site "Buenos Aires"]
[Date "1994.??.??"]
[Round "7"]
[White "Karpov, Anatoly"]
[Black "Polgar, Judit"]
[Result "1/2-1/2"]
[WhiteElo "2780"]
[BlackElo "2630"]

1.e4 c5 2.Nf3 d6 3.d4 cxd4 4.Nxd4 Nf6 5.Nc3 e6 6.g4 a6 7.g5 Nfd7 8.Bg2 g6
9.h4 Nc6 10.h5 Rg8 11.hxg6 hxg6 12.f4 Qb6 13.Nb3 Qc7 14.Qf3 b5 15.e5 d5 16.Be3 b4
17.Ne2 Nb6 18.Bf2 a5 19.Nbd4 Ba6 20.Nxc6 Bxe2 21.Qxe2 Qxc6 22.Rh3 Bc5 23.b3 Ke7
24.Rc1 Rh8 25.Rd3 Rac8 26.Bg3 Bd4 27.Kf1 Bb2 28.Rcd1 Nd7 29.Bf2 Qb5 30.Rb1 Bc3
31.Rf3 Qc6 32.Rh3 Rxh3 33.Bxh3 a4 34.Bg4 a3 35.Rd1 Bb2 36.Be1 Qc5 37.Qa6 Rc6
38.Qa4 Rb6 39.Bf2 d4 40.Bf3 Qxc2 41.Bxd4 Bxd4 42.Rxd4 Qc1+ 43.Ke2 Qc2+ 44.Kf1 Qc1+
45.Ke2 Qc2+ 46.Rd2 Qc7 47.Qa5 Qb8 48.Rd4 Rb5 49.Qa6 Nxe5 50.fxe5 Qxe5+ 51.Kd3 Qf5+
52.Ke2 Qe5+ 53.Kd3 Qf5+  1/2-1/2

[Event "Buenos Aires Sicilian"]
[Site "Buenos Aires"]
[Date "1994.??.??"]
[Round "12"]
[White "Ivanchuk, Vassily"]
[Black "Polgar, Judit"]
[Result "1/2-1/2"]
[WhiteElo "2695"]
[BlackElo "2630"]

1.e4 c5 2.Nf3 Nc6 3.d4 cxd4 4.Nxd4 Nf6 5.Nc3 d6 6.f3 a6 7.Be3 e6 8.Qd2 Qc7
9.O-O-O Be7 10.g4 b5 11.Nxc6 Qxc6 12.h4 Bb7 13.Kb1 Nd7 14.Ne2 Ne5 15.Nd4 Qc7
16.h5 Rd8 17.Bf4 Rc8 18.Rh2 Nc4 19.Bxc4 bxc4 20.Qc3 Rg8 21.Bg3 g6 22.Ne2 Qc5
23.Qd2 Rd8 24.Bf2 Qe5 25.Bg3 Qc5 26.hxg6 hxg6 27.Bf2 Qe5 28.Bg3 Qc5 29.Bf2 Qe5
30.Rdh1 d5 31.Qa5 Qd6 32.Qa4+ Bc6 33.Qxa6 dxe4 34.Bg3 Qd7 35.Rh8 Kf8 36.Qxc4 exf3
37.Nc1 f2 38.Qf4 Qd2 39.Qxf2 Bxh1 40.Rxh1 Qxf2 41.Bxf2 Rd2 42.Nd3 Re2 43.a4 Re4
44.a5 Rxg4 45.Ne5 Ra4 46.Rh7 Rg7 47.Rh8+ Rg8 48.Rh7 Rg7 49.Rh8+  1/2-1/2

[Event "Buenos Aires Sicilian"]
[Site "Buenos Aires"]
[Date "1994.??.??"]
[Round "14"]
[White "Polgar, Judit"]
[Black "Karpov, Anatoly"]
[Result "1/2-1/2"]
[WhiteElo "2630"]
[BlackElo "2780"]

1.e4 c5 2.Nf3 Nc6 3.d4 cxd4 4.Nxd4 Nf6 5.Nc3 d6 6.Bg5 e6 7.Qd2 a6 8.O-O-O h6
9.Be3 Bd7 10.f4 b5 11.Bd3 Be7 12.Kb1 Nxd4 13.Bxd4 Bc6 14.Rhe1 Rc8 15.g4 b4
16.Bxf6 Bxf6 17.Nd5 Bh4 18.Re2 a5 19.Qe3 O-O 20.Nb6 Rb8 21.Nc4 Bb5 22.Rg2 Rc8
23.Nd2 Bxd3 24.Qxd3 Be7 25.h4 d5 26.e5 a4 27.g5 h5 28.g6 Qe8 29.Nf3 Rc4 30.f5 exf5
31.Qxd5 Qc6 32.gxf7+ Rxf7 33.Qxc6 Rxc6 34.b3 axb3 35.axb3 f4 36.Rd4 Rc3 37.Rd3 Rf8
38.Rgd2 Kf7 39.Rxc3 bxc3 40.Rd3 Ke6 41.Rxc3 Kf5 42.Kc1 Kg4 43.Kd1 Bb4 44.Rd3 Rc8
45.e6 Re8 46.Ne5+ Kxh4 47.Rd4 Bc3 48.Rxf4+ Kg5 49.Nd3 Rxe6 50.Rc4 Be5 51.Rc5 Kf6
52.Nxe5 Rxe5 53.Rxe5  1/2-1/2

[Event "Las Palmas"]
[Site "Las Palmas"]
[Date "1994.??.??"]
[Round "6"]
[White "Morovic Fernandez, Ivan"]
[Black "Polgar, Judit"]
[Result "1-0"]
[WhiteElo "2605"]
[BlackElo "2630"]

1.e4 c5 2.Nf3 e6 3.d4 cxd4 4.Nxd4 Nf6 5.Nc3 d6 6.g4 h6 7.h4 Nc6 8.Rg1 Nd7
9.g5 hxg5 10.hxg5 g6 11.Be3 a6 12.Qe2 Na5 13.O-O-O b5 14.f4 Qc7 15.Kb1 Nb6
16.Nb3 Nac4 17.Bd4 Rg8 18.Qh2 Be7 19.Qh7 Rf8 20.f5 b4 21.fxg6 fxg6 22.Qxg6+ Kd8
23.Ne2 e5 24.Bxb6 Qxb6 25.Qh5 a5 26.g6 Be6 27.g7 Re8 28.Bh3 Bg8 29.Qf5 Qc6
30.Rd3 Kc7 31.Nd2 a4 32.Nc1 a3 33.b3 Nxd2+ 34.Rxd2 Qc3 35.Qd7+ Kb6 36.Rxd6+ Bxd6
37.Qxd6+ Ka5 38.Nd3 Ra7 39.Rg6 Qd4 40.Qc6 Bxb3 41.axb3  1-0

[Event "Las Palmas"]
[Site "Las Palmas"]
[Date "1994.??.??"]
[Round "8"]
[White "Karpov, Anatoly"]
[Black "Polgar, Judit"]
[Result "1-0"]
[WhiteElo "2740"]
[BlackElo "2630"]

1.d4 Nf6 2.Nf3 g6 3.c4 Bg7 4.g3 O-O 5.Bg2 d6 6.O-O Nc6 7.Nc3 e5 8.d5 Ne7
9.e4 Nd7 10.Ne1 f5 11.Nd3 Nf6 12.Bg5 fxe4 13.Nxe4 Nf5 14.Re1 h6 15.Nxf6+ Bxf6
16.Bd2 Kh7 17.Bc3 Bd7 18.c5 b6 19.c6 Be8 20.f4 exf4 21.Nxf4 Bf7 22.Qd3 Bxc3
23.bxc3 Qg5 24.h4 Qf6 25.Ne6 Bxe6 26.Rxe6 Qg7 27.h5 Ne7 28.Rae1  1-0

[Event "Veterans-Women"]
[Site "Monte Carlo"]
[Date "1994.??.??"]
[Round "3"]
[White "Polgar, Judit"]
[Black "Hort, Vlastimil"]
[Result "1/2-1/2"]
[WhiteElo "2630"]
[BlackElo "2535"]

1.e4 e5 2.Nf3 Nf6 3.Nxe5 d6 4.Nf3 Nxe4 5.d4 d5 6.Bd3 Be7 7.O-O O-O 8.c4 Nf6
9.Nc3 Nc6 10.Re1 Bg4 11.cxd5 Nxd5 12.h3 Be6 13.Ne4 h6 14.a3 Re8 15.b4 Nf6
16.Bb2 Bd5 17.Ng3 Bf8 18.Ne5 Nd7 19.Qc2 a5 20.b5 Ncxe5 21.dxe5 Nc5 22.Rad1 c6
23.Bc4 Qb6 24.Bxd5 cxd5 25.Qe2 Ne6 26.Nf5 Rad8 27.Qg4 g6 28.a4 h5 29.Qg3 Kh7
30.Nh4 d4 31.Rd3 Bh6 32.Bc1 Bg7 33.Rf3 Rd7 34.Ba3 Qd8 35.Bc1 d3 36.Be3 Nd4
37.Bxd4 Rxd4 38.Rf4 Rxf4 39.Qxf4 Qd5 40.Nf3 Kg8 41.Qd2 b6 42.Qe3 Bxe5 43.Nxe5 d2
44.Rd1 Qxe5  1/2-1/2

[Event "Amber-blind 3rd"]
[Site "Monte Carlo"]
[Date "1994.??.??"]
[Round "5"]
[White "Polgar, Judit"]
[Black "Karpov, Anatoly"]
[Result "0-1"]
[WhiteElo "2630"]
[BlackElo "2740"]

1.e4 c6 2.d4 d5 3.exd5 cxd5 4.c4 Nf6 5.Nc3 e6 6.Nf3 Bb4 7.Bd3 dxc4 8.Bxc4 O-O
9.O-O b6 10.Bg5 Bb7 11.Re1 Nc6 12.Bd3 Be7 13.a3 Nd5 14.Be3 Nxc3 15.bxc3 Rc8
16.c4 Na5 17.Ne5 Bf6 18.Rc1 Bxe5 19.dxe5 Qh4 20.Qe2 Nb3 21.Rcd1 Rfd8 22.Bc2 Nd4
23.Bxd4 Rxd4 24.g3 Qh3 25.f3 Rxd1 26.Rxd1 g6 27.Rd7 Bc6 28.Rd4 Qh6 29.Kg2 Qc1
30.Qd3 Kg7 31.Kh3 b5 32.Bd1 Qa1 33.cxb5 Bxb5 34.Qd2 Bf1+ 35.Kh4 h6 36.g4 Qxa3
37.Rd7 Bb5 38.Rd6 Qc5 39.f4 Qg1 40.Bb3 Rc3 41.Bxe6 Rc2 42.Rd7 Bxd7  0-1

[Event "Amber-rapid 3rd"]
[Site "Monte Carlo"]
[Date "1994.??.??"]
[Round "6"]
[White "Polgar, Judit"]
[Black "Ljubojevic, Ljubomir"]
[Result "1/2-1/2"]
[WhiteElo "2630"]
[BlackElo "2600"]

1.e4 c5 2.Nf3 d6 3.d4 cxd4 4.Nxd4 Nf6 5.Nc3 a6 6.f4 Qc7 7.Nf3 Nbd7 8.a4 e6
9.Bd3 b6 10.O-O Bb7 11.Qe1 Nc5 12.f5 Be7 13.fxe6 Nxe6 14.Be3 O-O 15.Qg3 d5
16.exd5 Bc5 17.Bxc5 Qxc5+ 18.Kh1 Nxd5 19.Ne4 Qc7 20.Qxc7 Ndxc7 21.Nd6 Bd5
22.Ne5 Nc5 23.Bc4 Bxc4 24.Ndxc4 f6 25.Nc6 Rae8 26.Rae1 Rxe1 27.Rxe1 Nxa4
28.Nd6 Nxb2 29.c4 b5 30.Re7 Nxc4 31.Nxc4 Re8 32.Nd6 Rxe7 33.Nxe7+ Kf8 34.Nc6 Ne8
35.Ne4 Kf7 36.Nc5 Nc7 37.Kg1 Kg6 38.Kf2 Kf5 39.Ke3 h5 40.Nd4+ Ke5 41.Nd3+ Kd5
42.Nf5 g5 43.Ng3 h4 44.Ne4 Ke6 45.Ndc5+ Ke7 46.Kd4 a5 47.Nd3 a4 48.Kc5 a3
49.Nc3 Ke6 50.Kc6 Ne8 51.Nxb5 Kf5 52.Nxa3 Ke4 53.Ne1 Ke3 54.Kd5 Kf2 55.Nac2 Ng7
56.Ke4 Kg1 57.h3 Kf2 58.Kd5 f5 59.Ke5 g4 60.Kf6 gxh3 61.gxh3 Kg3 62.Kxg7 Kxh3
63.Nd4 Kg3 64.Nd3 h3 65.Ne2+ Kf3 66.Ng1+ Ke3  1/2-1/2

[Event "Amber-rapid 3rd"]
[Site "Monte Carlo"]
[Date "1994.??.??"]
[Round "11"]
[White "Kramnik, Vladimir"]
[Black "Polgar, Judit"]
[Result "1/2-1/2"]
[WhiteElo "2710"]
[BlackElo "2630"]

1.d4 Nf6 2.c4 g6 3.Nc3 Bg7 4.e4 d6 5.Nf3 O-O 6.Be2 e5 7.d5 a5 8.Bg5 h6 9.Bh4 Na6
10.O-O Qe8 11.Nd2 Bd7 12.Kh1 h5 13.b3 Ng4 14.a3 f6 15.Rb1 g5 16.Bg3 f5 17.exf5 Bxf5
18.Nde4 Qg6 19.h3 Bxe4 20.Nxe4 Qxe4 21.hxg4 h4 22.f3 Qd4 23.Bf2 Qf4 24.Qc1 Qxc1
25.Rfxc1 e4 26.Be3 exf3 27.Bxf3 Bf6 28.b4 Rae8 29.Bd2 axb4 30.axb4 b6 31.Re1 Nb8
32.Rxe8 Rxe8 33.Re1 Rxe1+ 34.Bxe1 Nd7 35.Bd2 Kg7 36.Kg1 Bd4+ 37.Kf1 Kf6 38.Ke1 Ne5
39.Be2 Bg1 40.Kd1 Bh2 41.Bc3 Ke7 42.Kc2 Ng6 43.Bd4 Be5 44.Be3 Bf4 45.Bg1 Ne5
46.Kb3 Kd7 47.Ka4 Bd2 48.Kb5 Ng6 49.Bd4 Nf4 50.Bf3 Nd3 51.Be4 Nxb4 52.Bf5+ Ke7
53.Bb2 Kd8 54.Bf6+ Ke8 55.Bb2 Ke7 56.Bd4 Kd8 57.Bf6+ Ke8 58.Bb2 Kd8 59.Bb1 Kd7
60.Ba3 c6+ 61.Kxb6 cxd5 62.Bf5+ Ke7 63.Kb5 Na2 64.cxd5 Nc3+ 65.Kc4 Nd1 66.Kd3 Bf4
67.Ke2 Nc3+ 68.Kf3 Nxd5 69.Bb2 Ne3 70.Bd3 Nd5 71.Be4 Nb6 72.Bd3 d5 73.Bd4 Nd7
74.Bf5 Nb8 75.Bc5+ Kf6 76.Bd4+ Be5 77.Bb6 Nc6 78.Bd7 Nb4 79.Bd8+ Kg6 80.Bf5+ Kh6
81.Be7 Nc6 82.Bf8+ Bg7 83.Bc5 Ne5+ 84.Ke2 Ng6 85.Bd6 Be5 86.Bxg6  1/2-1/2

[Event "Moscow ol (Men)"]
[Site "Moscow"]
[Date "1994.??.??"]
[Round "10"]
[White "Ljubojevic, Ljubomir"]
[Black "Polgar, Judit"]
[Result "1/2-1/2"]
[WhiteElo "2580"]
[BlackElo "2630"]

1.e4 c5 2.Nf3 d6 3.d4 cxd4 4.Nxd4 Nf6 5.Nc3 a6 6.Bg5 e6 7.f4 Be7 8.Qf3 Qa5
9.O-O-O Bd7 10.Bh4 Nc6 11.Nb3 Qc7 12.g4 h6 13.Bg3 O-O-O 14.h4 Be8 15.g5 Nd7
16.Bh3 g6 17.Qe3 hxg5 18.hxg5 Kb8 19.f5 Rh5 20.fxe6 fxe6 21.Bxe6 Bxg5 22.Qxg5 Rxg5
23.Bxd6 Qxd6 24.Rxd6 Nf6 25.Rxd8+ Nxd8 26.Bd5 Bc6 27.Bxc6 Nxc6 28.Rf1 Nd7
29.Nd5 Rg2 30.Nf4 Rg4 31.Nd2 Nc5 32.a3 g5 33.Nd3 Nxe4 34.Nxe4 Rxe4 35.Rg1 g4
36.Nf2 Re2 37.Nxg4 Nd4 38.Rd1  1/2-1/2

[Event "PCA/Intel-GP"]
[Site "Paris"]
[Date "1994.??.??"]
[Round "1.6"]
[White "Polgar, Judit"]
[Black "Kramnik, Vladimir"]
[Result "1/2-1/2"]
[WhiteElo "2630"]
[BlackElo "2725"]

1.e4 c5 2.Nc3 Nc6 3.g3 g6 4.Bg2 Bg7 5.d3 d6 6.f4 e6 7.Nf3 Nge7 8.O-O O-O
9.Kh1 b6 10.Be3 Bb7 11.d4 d5 12.exd5 Nxd5 13.Nxd5 cxd4 14.Nxd4 Nxd4 15.Bxd4 Bxd5
16.Bxg7 Bxg2+ 17.Kxg2 Kxg7 18.Qxd8 Rfxd8  1/2-1/2

[Event "PCA/Intel-GP"]
[Site "Paris"]
[Date "1994.??.??"]
[Round "1.6"]
[White "Kramnik, Vladimir"]
[Black "Polgar, Judit"]
[Result "1/2-1/2"]
[WhiteElo "2725"]
[BlackElo "2630"]

1.e4 c5 2.Nf3 Nc6 3.c3 d5 4.exd5 Qxd5 5.d4 e5 6.Nxe5 Nxe5 7.dxe5 Qxe5+ 8.Be3 Bd7
9.Na3 O-O-O 10.Qf3 Nf6 11.O-O-O Be7 12.Bf4 Qh5 13.Nb5 Bxb5 14.Bxb5 Qxf3 15.gxf3 Nd5
16.Bg3 Nb6 17.Bd3 g6 18.Kc2 Rd7 19.Bb5 Rxd1 20.Rxd1 a6 21.Bf1 Re8 22.h4 Bd8
23.h5 Bc7 24.Bh4 Bf4 25.Bd3 Kc7 26.Bg3 Bxg3 27.fxg3 c4 28.Bf1 Re3 29.hxg6 hxg6
30.Bg2 Nd7 31.Kd2 Rd3+ 32.Ke2 Nc5 33.Bf1 b5 34.Rd2 a5 35.Bg2 g5 36.Bh3 Kd6
37.Bf5 Rxd2+ 38.Kxd2 Ke5 39.Bc2 f5 40.a3 f4 41.g4 Kd5 42.Ke2 Nd7 43.Bf5 Ne5
44.Be4+ Kc5 45.Kd2 b4 46.axb4+ axb4 47.Kc2 Nf7 48.Kd2 Nd6 49.Bc2 Nc8 50.Be4 Nb6
51.Kc2 Na4 52.Bg6 Nb6 53.Be4 Nd7 54.Kd2 Nf6 55.Ba8 Ne8  1/2-1/2

[Event "Alma-Ata m3"]
[Site "Alma-Ata"]
[Date "1995.??.??"]
[Round "?"]
[White "Polgar, Judit"]
[Black "Karpov, Anatoly"]
[Result "0-1"]
[WhiteElo "2630"]
[BlackElo "2765"]

1.e4 c6 2.d4 d5 3.exd5 cxd5 4.c4 Nf6 5.Nc3 e6 6.Nf3 Bb4 7.Bd3 O-O 8.O-O dxc4
9.Bxc4 Bxc3 10.bxc3 b6 11.Bg5 Bb7 12.Qe2 Nbd7 13.Ne5 Qc7 14.Bd3 Nxe5 15.dxe5 Qc6
16.f3 Nd7 17.Kh1 Qxc3 18.Rfe1 Nc5 19.Rad1 Nxd3 20.Rxd3 Qc6 21.Rd6 Qa4 22.h4 Rfc8
23.Red1 h6 24.Be3 Qxh4+ 25.Kg1 Qc4 26.Qf2 Bd5 27.Qg3 Kh7 28.Rd7 Rc7 29.Rc1 Qxc1+
30.Bxc1 Rxd7 31.f4 Be4 32.Qe3 Bf5 33.Ba3 Rc8 34.Bd6 Rc2 35.Qa3  0-1

[Event "Alma-Ata m3"]
[Site "Alma-Ata"]
[Date "1995.??.??"]
[Round "?"]
[White "Polgar, Judit"]
[Black "Karpov, Anatoly"]
[Result "1/2-1/2"]
[WhiteElo "2630"]
[BlackElo "2765"]

1.e4 c6 2.d4 d5 3.Nc3 dxe4 4.Nxe4 Nd7 5.Bc4 Ngf6 6.Ng5 e6 7.Qe2 Nb6 8.Bb3 h6
9.N5f3 c5 10.c3 Qc7 11.Bd2 Bd6 12.Ne5 Bd7 13.Ngf3 O-O 14.O-O cxd4 15.cxd4 Ba4
16.Rac1 Qe7 17.Bxa4 Nxa4 18.Nc4 Rac8 19.Nfe5 Nb6 20.b3 Nbd5 21.Qf3 Bb4 22.Bxb4 Qxb4
23.Rcd1 a5 24.a3 Qe7 25.Rd3 b5 26.Ne3 b4 27.a4 Rc3 28.N3c4 Qc7 29.h4 Rc8
30.Re1 Nh7 31.g4 Nf8 32.g5 hxg5 33.hxg5 Qe7  1/2-1/2

[Event "Alma-Ata m3"]
[Site "Alma-Ata"]
[Date "1995.??.??"]
[Round "?"]
[White "Polgar, Judit"]
[Black "Karpov, Anatoly"]
[Result "0-1"]
[WhiteElo "2630"]
[BlackElo "2765"]

1.e4 c6 2.d4 d5 3.exd5 cxd5 4.Nf3 Nf6 5.Bd3 Bg4 6.O-O Nc6 7.c3 e6 8.h3 Bh5
9.Bf4 Bd6 10.Bg5 O-O 11.Nbd2 Bg6 12.Bxg6 hxg6 13.Qe2 Qc7 14.Rae1 Rac8 15.Qd3 Nd7
16.h4 b5 17.g3 Rfe8 18.Qe3 Na5 19.Nh2 Nc4 20.Nxc4 Qxc4 21.Qf3 b4 22.Re3 Qxa2
23.h5 Nf8 24.h6 Nh7 25.Bf4 Bf8 26.hxg7 Bxg7 27.Ng4 Qxb2 28.cxb4 Qxd4 29.Be5 Bxe5
30.Nxe5 Rc7 31.Qe2 Ng5 32.Qa6 Qxb4 33.Qe2 Qd4  0-1

[Event "Donner mem"]
[Site "Amsterdam"]
[Date "1995.??.??"]
[Round "4"]
[White "Polgar, Judit"]
[Black "Timman, Jan H"]
[Result "1/2-1/2"]
[WhiteElo "2635"]
[BlackElo "2590"]

1.e4 e6 2.d4 d5 3.Nc3 Bb4 4.e5 c5 5.a3 Bxc3+ 6.bxc3 Ne7 7.Qg4 O-O 8.Bd3 f5
9.exf6 Rxf6 10.Bg5 Rf7 11.Qh5 g6 12.Qd1 Nbc6 13.Nf3 Qf8 14.O-O c4 15.Be2 h6
16.Bc1 Qg7 17.Qd2 Nf5 18.h4 Bd7 19.Bb2 Qf6 20.g3 e5 21.dxe5 Nxe5 22.Nxe5 Qxe5
23.Bf3 Nxh4 24.Bxd5 Be6 25.Bh1 Nf3+ 26.Bxf3 Rxf3 27.Rae1 Qf6 28.Qxh6 Rf8
29.Bc1 Rf7 30.Bf4 Rh7 31.Qg5 Qxg5 32.Bxg5 Bd7 33.Re7 Rxe7 34.Bxe7 Rxc3 35.Rc1 Bf5
36.Bb4 Rxc2 37.Rxc2 Bxc2 38.Kf1 Kf7 39.Ke2 Ke6 40.Kd2 Ba4 41.Bc5 b6 42.Be3 Kd5
43.Kc3 Bb3 44.Kd2 Kc6 45.Kc3 Kb5 46.Bg5  1/2-1/2

[Event "Donner mem"]
[Site "Amsterdam"]
[Date "1995.??.??"]
[Round "6"]
[White "Nunn, John DM"]
[Black "Polgar, Judit"]
[Result "1/2-1/2"]
[WhiteElo "2615"]
[BlackElo "2635"]

1.e4 c5 2.Nf3 d6 3.d4 cxd4 4.Nxd4 Nf6 5.Nc3 e6 6.Be3 a6 7.f3 b5 8.g4 h6 9.Qd2 Bb7
10.O-O-O Nbd7 11.h4 b4 12.Nce2 d5 13.Ng3 dxe4 14.g5 hxg5 15.hxg5 Rxh1 16.Nxh1 Nd5
17.g6 Qf6 18.gxf7+ Qxf7 19.Nf2 e5 20.Nf5 g6 21.fxe4 gxf5 22.Bg5 N5f6 23.b3 f4
24.Bh3 Bc5 25.Kb1 Nf8 26.Ng4 Be7 27.Bxf6 Bxf6 28.Qxb4 Bg7 29.Qa4+ Ke7 30.Qb4+ Ke8
31.Qa4+ Ke7 32.Qb4+  1/2-1/2

[Event "Donner mem"]
[Site "Amsterdam"]
[Date "1995.??.??"]
[Round "7"]
[White "Polgar, Judit"]
[Black "Khalifman, Alexander"]
[Result "1/2-1/2"]
[WhiteElo "2635"]
[BlackElo "2655"]

1.e4 Nf6 2.e5 Nd5 3.d4 d6 4.Nf3 g6 5.Bc4 Nb6 6.Bb3 Bg7 7.O-O O-O 8.h3 Nc6
9.Qe2 a5 10.c3 a4 11.Bc2 Be6 12.Na3 Bd5 13.exd6 exd6 14.Be3 Re8 15.Nh2 Qd7
16.Qd2 Na5 17.Bf4 Nac4 18.Nxc4 Bxc4 19.Rfe1 Rxe1+ 20.Qxe1 Qb5 21.Qc1 h5 22.Nf3 Bd3
23.Bxd3 Qxd3 24.Bh6 Bf6  1/2-1/2

[Event "Aruba m2"]
[Site "Aruba"]
[Date "1995.??.??"]
[Round "2"]
[White "Polgar, Judit"]
[Black "Piket, Jeroen"]
[Result "1/2-1/2"]
[WhiteElo "2635"]
[BlackElo "2625"]

1.e4 e5 2.Nf3 Nc6 3.Bb5 a6 4.Ba4 Nf6 5.O-O Be7 6.Re1 b5 7.Bb3 d6 8.c3 O-O
9.d3 Na5 10.Bc2 c5 11.Nbd2 Nc6 12.Nf1 Re8 13.Ng3 h6 14.h3 Be6 15.d4 cxd4
16.cxd4 exd4 17.Ne2 Nb4 18.Bb1 d3 19.Ned4 Bf8 20.a3 Nc2 21.Nxc2 dxc2 22.Bxc2 Bc8
23.Nd4 Bb7 24.f3 g6 25.a4 b4 26.Qd2 Qc7 27.Qxb4 d5 28.Qc3 Qxc3 29.bxc3 dxe4
30.Rb1 Bd5 31.Kf2 Rac8 32.Bd2 Kg7 33.Bb3 Ba8 34.Re2 Bd6 35.Ba2 Nh5 36.Rb6 Bg3+
37.Kg1 Nf4 38.Re3 Nd3 39.Kf1 Nc5 40.Re2 a5 41.Rb5 Nxa4  1/2-1/2

[Event "Aruba m2"]
[Site "Aruba"]
[Date "1995.??.??"]
[Round "5"]
[White "Piket, Jeroen"]
[Black "Polgar, Judit"]
[Result "1/2-1/2"]
[WhiteElo "2625"]
[BlackElo "2635"]

1.d4 Nf6 2.c4 g6 3.Nc3 Bg7 4.e4 d6 5.Be2 O-O 6.Bg5 Na6 7.Qd2 e5 8.d5 Qe8
9.h4 Nc5 10.Bxf6 Bxf6 11.Nf3 a5 12.O-O-O Bg7 13.h5 f5 14.hxg6 Qxg6 15.Nh4 Qf6
16.Nxf5 Bxf5 17.exf5 a4 18.g4 e4 19.Kc2 Rfe8 20.Qf4 h6 21.Rdg1 Nd3 22.Bxd3 exd3+
23.Kd2 a3 24.g5 hxg5 25.Qxg5 Rf8 26.Qxf6 Rxf6 27.Ne4 Rxf5 28.b3 Re8 29.Rh4 Rf3
30.Rg3 Rxg3 31.fxg3 Rf8 32.Kxd3 Rf1 33.Rh2 Bb2 34.Rf2 Ra1 35.Nc3 Rg1 36.Ne4 Ra1
37.Nc3 Rg1 38.Ne4 Ra1  1/2-1/2

[Event "Dos Hermanas"]
[Site "Dos Hermanas"]
[Date "1995.??.??"]
[Round "5"]
[White "Gelfand, Boris"]
[Black "Polgar, Judit"]
[Result "1/2-1/2"]
[WhiteElo "2700"]
[BlackElo "2630"]

1.d4 Nf6 2.c4 g6 3.Nc3 Bg7 4.e4 d6 5.Nf3 O-O 6.Be2 e5 7.O-O Nc6 8.d5 Ne7
9.Ne1 Ne8 10.Be3 f5 11.f3 Kh8 12.a4 Ng8 13.Nd3 f4 14.Bf2 h5 15.c5 g5 16.cxd6 cxd6
17.Nb5 a6 18.Na3 Nh6 19.Nc4 g4 20.Kh1 Rb8 21.Rc1 Rg8 22.Nb6 Bf6 23.Nxc8 Rxc8
24.Qb3 Rb8 25.Bb6 Qd7 26.Rc4 Bd8 27.Rfc1 Nf7 28.Nf2 Bh4 29.Qd1 Nh6 30.b3 Bd8
31.Bxd8 Rxd8 32.Nd3 Qh7 33.Rc8 Rd7 34.Ra8 Rdg7 35.Rcc8 Qg6 36.Nf2 Nf6 37.Rxg8+ Nfxg8
38.Qc2 Kh7 39.Qc8 Qg5 40.Rb8 Qh4 41.Nd3 Qe7 42.b4 Nf6 43.Qe6 Kg6  1/2-1/2